A PRIMER on partial least squares structural equation modeling (PLS-SEM)
Saved in:
| Format: | Book |
|---|---|
| Language: | English |
| Published: |
Sage Publications,
2017
|
| Tags: |
Add Tag
No Tags, Be the first to tag this record!
|
MARC
| LEADER | 00000nam a22000007a 4500 | ||
|---|---|---|---|
| 008 | 210419b ||||| |||| 00| 0 eng d | ||
| 020 | |a 978-1-4833-7744-5 | ||
| 245 | |a A PRIMER on partial least squares structural equation modeling (PLS-SEM) |c Joseph F. Hair… [et al.]. |g xx, 363p. | ||
| 250 | |b 2nd ed |c Joseph F. Hair… [et al.]. | ||
| 260 | |b Sage Publications, |c 2017 |h Los Angeles: |i 693429 |i 693430 |l QA275 .P93 |m Least squares. |m Structural equation modeling. | ||
| 500 | |a “It includes references and index”. | ||
| 942 | |a lcc |c BK |e Adeniran F. A |f 19/04/2021 | ||
| 952 | |0 0 |1 0 |2 lcc |4 0 |6 QA0275 P93 |7 0 |9 2167 |a HOL |b SL |c QZ |d 2021-04-19 |l 0 |o QA275 .P93 |p 2021-6021 |r 2021-04-19 00:00:00 |w 2021-04-19 |y BK | ||
| 952 | |0 0 |1 0 |2 lcc |4 0 |6 QA0275 P93 |7 0 |9 2168 |a HOL |b HOL |c QZ |d 2021-04-19 |l 0 |o QA275 .P93 |p 2021-6022 |r 2021-04-19 00:00:00 |w 2021-04-19 |y BK | ||
| 999 | |c 1127 |d 1127 | ||